000 00516cam a2200205ua 4500
001 9134
005 20260515114429.0
008 150519n ii |||gr||||Z||||||asm
040 _cMAIN
041 _aasm
082 _a320.954
100 _aChakrabarty, A.,
_eEdtor.
245 _aSwadhinottar bharatar rajniti
_cEdited by A. Chakrabarty
250 _a1st.
260 _aGuwahati:
_bJyoti,
_c2011.
300 _a190p.
653 _aPolitical science
653 _aIndian politics after independence
942 _cBK
999 _c8199
_d8199